[Event "DEM U16 Oberhof"]
[Site "?"]
[Date "2013.05.20"]
[Round "3.10"]
[White "Hinrichs, Lars"]
[Black "Ott, Florian"]
[Result "0-1"]
[WhiteElo "1993"]
[BlackElo "2072"]
[PlyCount "84"]
[EventDate "2013.??.??"]

1. d4 Nf6 2. c4 e6 3. Nc3 Bb4 4. Qc2 O-O 5. Nf3 c5 6. a3 Bxc3+ 7. bxc3 d6 8.
Bg5 Qe7 9. e3 e5 10. Bd3 h6 11. Bxf6 Qxf6 12. O-O Qe7 13. Be4 Nd7 14. a4 Nf6
15. Bd5 Be6 16. Qb3 e4 17. Nd2 Bxd5 18. cxd5 Rfc8 19. Rfc1 Rab8 20. c4 Nd7 21.
Qb1 Re8 22. Nb3 cxd4 23. Nxd4 Nc5 24. Rc3 Qd7 25. Qd1 Rbc8 26. a5 a6 27. h3 Rc7
28. Qg4 g6 29. Qxd7 Nxd7 30. Rb1 Ne5 31. Rcb3 Ree7 32. c5 Rxc5 33. Rxb7 Rxb7
34. Rxb7 Rxd5 35. Rb6 Rxa5 36. Rxd6 Nd3 37. Nb3 Ra3 38. Nd2 Ra1+ 39. Kh2 Nxf2
40. Kg3 Nd1 41. Kf4 Nc3 42. Ke5 Ra5+ 0-1

[Event "DEM U16 Oberhof"]
[Site "?"]
[Date "2013.05.20"]
[Round "3.11"]
[White "Krause, Benedict"]
[Black "Meyers, Mark"]
[Result "1-0"]
[WhiteElo "2112"]
[BlackElo "1940"]
[PlyCount "63"]
[EventDate "2013.??.??"]

1. e4 c5 2. Nf3 e6 3. b3 d6 4. Bb2 Nd7 5. g3 Ngf6 6. Nc3 a6 7. Bg2 Qc7 8. d4
cxd4 9. Nxd4 Be7 10. O-O O-O 11. Bh1 Rb8 12. f4 Re8 13. g4 g6 14. Bf3 e5 15.
Nde2 Nc5 16. g5 Nfd7 17. f5 Bxg5 18. b4 Ne6 19. fxe6 fxe6 20. Qd3 b5 21. Bc1
Bxc1 22. Raxc1 Nb6 23. Nd1 d5 24. Ne3 d4 25. Ng4 Rf8 26. c3 Nc4 27. cxd4 exd4
28. e5 Nxe5 29. Qxd4 Rxf3 30. Rxc7 Rxf1+ 31. Kg2 Rf7 32. Qd8+ 1-0

[Event "DEM U16 Oberhof"]
[Site "?"]
[Date "2013.05.20"]
[Round "3.12"]
[White "Hoffmann, Tim"]
[Black "Brodmann, Jasper Leo"]
[Result "1/2-1/2"]
[WhiteElo "1922"]
[BlackElo "1966"]
[PlyCount "66"]
[EventDate "2013.??.??"]

1. e4 c5 2. Nf3 Nc6 3. Nc3 g6 4. d4 cxd4 5. Nxd4 Bg7 6. Be3 Nf6 7. Bc4 Qa5 8.
O-O O-O 9. Nb3 Qd8 10. Be2 d6 11. f4 Bd7 12. Bf3 Na5 13. Nxa5 Qxa5 14. Qd2 Rfd8
15. h3 Bc6 16. Rab1 Qc7 17. Nd5 Nxd5 18. exd5 Bb5 19. Rfe1 Rdc8 20. c3 Kf8 21.
Kh1 Qc4 22. Be2 Qa4 23. Bxb5 Qxb5 24. Bd4 Qd7 25. Bxg7+ Kxg7 26. Qd4+ Kg8 27.
Re3 Rc5 28. Rbe1 Qb5 29. a4 Qxb2 30. Rxe7 Rf8 31. Qf6 Rxc3 32. Qxd6 Qf2 33. Re8
Rxh3+ 1/2-1/2

[Event "DEM U16 Oberhof"]
[Site "?"]
[Date "2013.05.20"]
[Round "3.13"]
[White "Mueller, Max"]
[Black "Heldt, Ronny"]
[Result "1-0"]
[WhiteElo "1733"]
[BlackElo "1858"]
[PlyCount "127"]
[EventDate "2013.??.??"]

1. c4 e6 2. g3 f5 3. Bg2 Nf6 4. Nf3 a5 5. O-O b6 6. Nc3 Bb7 7. d4 Bb4 8. Qc2
O-O 9. Bg5 Bxc3 10. Bxf6 Qxf6 11. Qxc3 d6 12. Rfd1 Qe7 13. a3 a4 14. Rac1 Nd7
15. Ne5 Bxg2 16. Nxd7 Qxd7 17. Kxg2 f4 18. Rd3 Ra5 19. e4 fxe3 20. Rxe3 Raf5
21. Rf1 g5 22. Qd3 R8f6 23. f3 Qf7 24. Qe4 h5 25. Qa8+ Kg7 26. Qxa4 e5 27. dxe5
dxe5 28. Qc2 g4 29. Qe4 Qg6 30. Rd3 Rf7 31. b4 h4 32. f4 Qh6 33. Qe2 Qh5 34.
Kg1 exf4 35. Rxf4 hxg3 36. Qxg4+ Rg5 37. Rxf7+ Kxf7 38. Qxh5+ Rxh5 39. hxg3 Ke7
40. Kg2 Re5 41. Kf3 Rf5+ 42. Ke4 Rf2 43. Kd5 Kd7 44. c5 Rc2 45. cxb6 cxb6 46.
g4 Rg2 47. Ke5+ Ke7 48. Kf5 Rf2+ 49. Kg5 Re2 50. Rd5 Re3 51. Rb5 Re6 52. a4 Kf7
53. a5 bxa5 54. bxa5 Ra6 55. Kh5 Kg8 56. g5 Kg7 57. g6 Ra7 58. Kg5 Rc7 59. a6
Rc1 60. a7 Rg1+ 61. Kf4 Rf1+ 62. Ke5 Ra1 63. Rb7+ Kxg6 64. Kd6 1-0

[Event "DEM U16 Oberhof"]
[Site "?"]
[Date "2013.05.20"]
[Round "3.14"]
[White "Bingert, Tim Niklas"]
[Black "Keller, Peter"]
[Result "1-0"]
[WhiteElo "2020"]
[BlackElo "2065"]
[PlyCount "99"]
[EventDate "2013.??.??"]

1. e4 c5 2. Nf3 e6 3. d4 cxd4 4. Nxd4 Nc6 5. Nc3 Qc7 6. Be3 a6 7. Be2 Nf6 8.
O-O Bb4 9. Na4 Be7 10. Nxc6 bxc6 11. c4 Nxe4 12. Qd4 Nf6 13. c5 e5 14. Qd2 Nd5
15. Bc4 Bb7 16. Rad1 Rd8 17. Qe2 O-O 18. Bxa6 Qa5 19. Bxb7 Qxa4 20. Rxd5 cxd5
21. Bxd5 Rc8 22. Rc1 Kh8 23. Qc4 Qxc4 24. Rxc4 f5 25. f3 Rc7 26. b4 Ra7 27. Rc3
Bf6 28. Rd3 e4 29. Rd1 Rb8 30. c6 dxc6 31. Bxa7 Ra8 32. Bxc6 Rxa7 33. a4 Rc7
34. b5 e3 35. Kf1 g6 36. f4 Bc3 37. Ke2 Ba5 38. Kxe3 Bb6+ 39. Kf3 Kg8 40. Rd8+
Kf7 41. Rb8 Ba7 42. Ra8 Ke7 43. a5 Bc5 44. Re8+ Kd6 45. Rd8+ Ke6 46. Rd5 Bb4
47. b6 Rxc6 48. b7 Kxd5 49. b8=Q Bd6 50. Qb7 1-0

[Event "DEM U16 Oberhof"]
[Site "?"]
[Date "2013.05.20"]
[Round "3.15"]
[White "Brinkmann, Fabian"]
[Black "Kieslich, Aaron"]
[Result "0-1"]
[WhiteElo "1827"]
[BlackElo "2028"]
[PlyCount "59"]
[EventDate "2013.??.??"]

1. e4 c5 2. Nf3 d6 3. d4 cxd4 4. Nxd4 Nf6 5. Nc3 a6 6. Bg5 e6 7. f4 Be7 8. Qf3
Qc7 9. O-O-O Nbd7 10. g4 b5 11. Bxf6 Nxf6 12. g5 Nd7 13. a3 Rb8 14. h4 b4 15.
axb4 Rxb4 16. h5 Qb6 17. Nb3 O-O 18. g6 fxg6 19. hxg6 h6 20. Bh3 Ne5 21. Qh5
Rxf4 22. Nd5 exd5 23. Bxc8 dxe4 24. Be6+ Kh8 25. Rdg1 Qe3+ 26. Kb1 Rh4 27. Qf5
Rxh1 28. Rxh1 Qg5 29. c3 Qxf5 30. Bxf5 0-1

[Event "DEM U16 Oberhof"]
[Site "?"]
[Date "2013.05.21"]
[Round "5.1"]
[White "Oehne, Timo"]
[Black "Lampert, Jonas"]
[Result "0-1"]
[WhiteElo "2027"]
[BlackElo "2333"]
[PlyCount "48"]
[EventDate "2013.??.??"]

1. e4 e5 2. Nf3 Nc6 3. Nc3 Nf6 4. d4 exd4 5. Nxd4 Bb4 6. Nxc6 bxc6 7. Bd3 O-O
8. O-O d5 9. exd5 cxd5 10. Bg5 c6 11. Na4 Bd6 12. Qf3 Rb8 13. b3 Be6 14. Bf4 c5
15. Bxd6 Qxd6 16. Bf5 Rb4 17. g3 Ne4 18. Bxe6 fxe6 19. Qe3 Rf5 20. Kg2 Re5 21.
Rae1 Rh5 22. f3 Rxh2+ 23. Kxh2 Qxg3+ 24. Kh1 Nf2+ 0-1

[Event "DEM U16 Oberhof"]
[Site "?"]
[Date "2013.05.21"]
[Round "5.2"]
[White "Kvetny, Mark"]
[Black "Bonk, Andras"]
[Result "1-0"]
[WhiteElo "2269"]
[BlackElo "2078"]
[PlyCount "61"]
[EventDate "2013.??.??"]

1. d4 Nf6 2. c4 e6 3. Nc3 Bb4 4. f3 d5 5. a3 Bxc3+ 6. bxc3 c5 7. cxd5 Nxd5 8.
Qd3 Nc6 9. e4 Nb6 10. dxc5 Qxd3 11. Bxd3 Na4 12. Be3 a6 13. f4 Na5 14. Nf3 Nb3
15. Rb1 Nbxc5 16. Bc2 b5 17. c4 Bd7 18. Ne5 Rc8 19. Nxd7 Kxd7 20. cxb5 Nc3 21.
Rb4 Nxb5 22. Ke2 Nxa3 23. Rd1+ Kc6 24. Ba4+ Nb5 25. Rc1 Kd6 26. e5+ Kd5 27.
Bxb5 axb5 28. Rxb5 Ke4 29. Rbxc5 Rxc5 30. Rxc5 Ra8 31. Rc4+ 1-0

[Event "DEM U16 Oberhof"]
[Site "?"]
[Date "2013.05.21"]
[Round "5.3"]
[White "Schroeder, Jan-Christian"]
[Black "Koop, Thorben"]
[Result "1-0"]
[WhiteElo "2322"]
[BlackElo "2145"]
[PlyCount "127"]
[EventDate "2013.??.??"]

1. e4 c5 2. Nf3 Nc6 3. d4 cxd4 4. Nxd4 e5 5. Nb5 d6 6. N1c3 a6 7. Na3 Be6 8.
Nc4 Rb8 9. Nd5 Bxd5 10. exd5 Nce7 11. g3 f5 12. Bg2 Rc8 13. Qe2 Qc7 14. Ne3 g6
15. c3 Nf6 16. O-O Bg7 17. Rd1 O-O 18. a4 g5 19. a5 h5 20. Ra4 f4 21. Nc4 Nf5
22. Qc2 Nd7 23. Rb4 Nc5 24. Nb6 Rce8 25. Rc4 Qf7 26. b4 e4 27. bxc5 f3 28. Rxe4
fxg2 29. Rxe8 Qxe8 30. Kxg2 g4 31. cxd6 Nxd6 32. Bf4 Nf5 33. d6 Qc6+ 34. Kg1 h4
35. d7 h3 36. Qa2+ Kh7 37. Qd5 Ne7 38. Qxc6 Nxc6 39. Bg5 Bxc3 40. d8=Q Nxd8 41.
Rxd8 Rf5 42. Be3 Rxa5 43. Rd1 Kg6 44. Kf1 Rb5 45. Ke2 a5 46. Kd3 Bf6 47. Ke4
Rb4+ 48. Kd5 Bd8 49. Nd7 Kf5 50. Bc5 Rb2 51. Bd4 Rb5+ 52. Kc4 Rb4+ 53. Kc3 b5
54. Re1 Bc7 55. Ne5 Bd6 56. Nf7 Bf8 57. Re8 Rc4+ 58. Kd3 Bb4 59. Re5+ Kg6 60.
Rxb5 Rc1 61. Ne5+ Kf5 62. Nc6+ Kg6 63. Nxb4 axb4 64. Rxb4 1-0

[Event "DEM U16 Oberhof"]
[Site "?"]
[Date "2013.05.21"]
[Round "5.4"]
[White "Richter, Leonard"]
[Black "Yankelevich, Lev"]
[Result "1-0"]
[WhiteElo "1986"]
[BlackElo "2221"]
[PlyCount "69"]
[EventDate "2013.??.??"]

1. e4 Nf6 2. e5 Nd5 3. d4 d6 4. Nf3 Bg4 5. Be2 e6 6. O-O Be7 7. h3 Bh5 8. c4
Nb6 9. exd6 cxd6 10. Nc3 O-O 11. Be3 d5 12. c5 Bxf3 13. Bxf3 Nc4 14. Bf4 Bg5
15. b3 Nb2 16. Qd2 Bxf4 17. Qxf4 Nd3 18. Qd2 Nb4 19. Nb5 N4c6 20. Nd6 Qc7 21.
b4 Nd7 22. Rac1 a6 23. Rfd1 Nf6 24. a4 Ne8 25. b5 axb5 26. axb5 Na5 27. Nxe8
Rfxe8 28. Qb4 b6 29. Rc3 Nc4 30. Rxc4 dxc4 31. Bxa8 Rxa8 32. Qxc4 e5 33. c6 Rd8
34. d5 Rd6 35. Qa2 1-0

[Event "DEM U16 Oberhof"]
[Site "?"]
[Date "2013.05.21"]
[Round "5.6"]
[White "Krause, Benedict"]
[Black "Grunau, Christoph"]
[Result "1/2-1/2"]
[WhiteElo "2112"]
[BlackElo "2036"]
[PlyCount "66"]
[EventDate "2013.??.??"]

1. e4 c5 2. Nf3 d6 3. Bb5+ Bd7 4. Bxd7+ Qxd7 5. c4 Nf6 6. Nc3 g6 7. d4 cxd4 8.
Nxd4 Bg7 9. b3 O-O 10. Bb2 Nc6 11. O-O a6 12. Nxc6 Qxc6 13. Nd5 Nxd5 14. exd5
Qd7 15. Bxg7 Kxg7 16. Qd4+ Kg8 17. Rfe1 b5 18. Rac1 Rfc8 19. Qh4 bxc4 20. Rxc4
Rxc4 21. Qxc4 Ra7 22. Rc1 a5 23. h3 Qb7 24. a3 Ra6 25. b4 axb4 26. axb4 Rb6 27.
Rb1 Rb5 28. Qc6 Kg7 29. g4 Rb6 30. Qc3+ Kg8 31. Qc4 Rb5 32. Qc6 Rb6 33. Qc4 Rb5
1/2-1/2

[Event "DEM U16 Oberhof"]
[Site "?"]
[Date "2013.05.21"]
[Round "5.7"]
[White "Hinrichs, Lars"]
[Black "Ruff, Maximilian"]
[Result "0-1"]
[WhiteElo "1993"]
[BlackElo "2073"]
[PlyCount "90"]
[EventDate "2013.??.??"]

1. c4 c5 2. Nc3 Nc6 3. Nf3 g6 4. e3 Bg7 5. d4 d6 6. d5 Na5 7. Qc2 Bd7 8. Bd3
Nf6 9. O-O O-O 10. b3 a6 11. Bb2 b5 12. Ne4 Nxe4 13. Bxg7 Kxg7 14. Bxe4 Rb8 15.
Rab1 Qc7 16. Bd3 Rb7 17. e4 Rfb8 18. Qc3+ f6 19. Nd2 bxc4 20. bxc4 Rxb1 21.
Rxb1 Rxb1+ 22. Bxb1 Qb6 23. Bc2 Qb4 24. Qxb4 cxb4 25. Kf1 f5 26. Ke2 fxe4 27.
Ke3 Nb7 28. Bxe4 Kf6 29. f4 Nc5 30. Bc2 Bf5 31. Bb3 a5 32. Kd4 g5 33. g3 gxf4
34. gxf4 Nd3 35. Ke3 h6 36. Nf3 Nc5 37. Nd2 a4 38. Bd1 b3 39. Bxb3 axb3 40.
axb3 Nd3 41. Nf3 Nb4 42. Kd4 Bg4 43. Nd2 Kf5 44. c5 dxc5+ 45. Kxc5 Nd3+ 0-1

[Event "DEM U16 Oberhof"]
[Site "?"]
[Date "2013.05.21"]
[Round "5.8"]
[White "Heldt, Ronny"]
[Black "Eichstaedt, Mirko"]
[Result "0-1"]
[WhiteElo "1858"]
[BlackElo "1927"]
[PlyCount "61"]
[EventDate "2013.??.??"]

1. d4 d5 2. c4 c6 3. Nf3 Nf6 4. e3 e6 5. b3 Nbd7 6. Nbd2 Bd6 7. Bb2 b6 8. Bd3
Bb7 9. O-O O-O 10. Ne5 c5 11. Rc1 Ne4 12. Ndf3 f6 13. Nxd7 Qxd7 14. Qe2 Qf7 15.
Rfd1 Qh5 16. cxd5 Bxd5 17. h3 cxd4 18. Nxd4 Qxe2 19. Bxe2 Be5 20. Bf3 Kf7 21.
Ba3 Rfc8 22. Bb4 Bxd4 23. exd4 f5 24. Be2 a5 25. Be1 a4 26. Bc4 axb3 27. Bxb3
Nf6 28. Bb4 Bxb3 29. axb3 Nd5 30. Bd6 Nc3 31. Bb4 0-1

[Event "DEM U16 Oberhof"]
[Site "?"]
[Date "2013.05.21"]
[Round "5.9"]
[White "Tennert, Simon"]
[Black "Walter, Kevin"]
[Result "1-0"]
[WhiteElo "2148"]
[BlackElo "1931"]
[PlyCount "73"]
[EventDate "2013.??.??"]

1. e4 c5 2. Nf3 d6 3. d4 cxd4 4. Nxd4 Nf6 5. Nc3 a6 6. Be3 e6 7. Qd2 b5 8. f3
Nbd7 9. g4 h6 10. O-O-O Bb7 11. Rg1 b4 12. Nb1 d5 13. h4 g5 14. hxg5 hxg5 15.
exd5 Bxd5 16. Bxg5 Be7 17. Be3 Rc8 18. g5 Nh5 19. Bxa6 Ra8 20. Bd3 Rxa2 21. g6
f5 22. Qh2 Ndf6 23. Bb5+ Kf8 24. g7+ Kf7 25. gxh8=Q Qxh8 26. Rh1 Ra1 27. Nc6
Bxc6 28. Bxc6 Qc8 29. Bb5 b3 30. Bd4 Ra5 31. Bd3 Qd7 32. Bc4 Bd6 33. Bxf6 Bf4+
34. Qxf4 Qxd1+ 35. Kxd1 Nxf4 36. Bc3 Ra1 37. Kd2 1-0

[Event "DEM U16 Oberhof"]
[Site "?"]
[Date "2013.05.21"]
[Round "5.10"]
[White "Knopf, Felix"]
[Black "Ott, Florian"]
[Result "1/2-1/2"]
[WhiteElo "1852"]
[BlackElo "2072"]
[PlyCount "103"]
[EventDate "2013.??.??"]

1. d4 Nf6 2. Nf3 e6 3. g3 b5 4. Bg2 Bb7 5. O-O d5 6. Ne5 Bd6 7. c4 bxc4 8. Nxc4
Be7 9. Qc2 O-O 10. Na5 Ba6 11. Re1 c5 12. Nb3 cxd4 13. Nxd4 Qb6 14. Be3 Bc5 15.
Rd1 Ng4 16. Nc3 Nxe3 17. fxe3 Be7 18. e4 Nc6 19. e3 Bg5 20. Nxc6 Qxc6 21. Re1
Rad8 22. exd5 exd5 23. Qf5 Qf6 24. Qxf6 Bxf6 25. Rad1 Bxc3 26. bxc3 Bc4 27. Rd2
Rfe8 28. Kf2 Kf8 29. Red1 Rc8 30. Bxd5 Bxd5 31. Rxd5 Rxc3 32. R1d3 Rc2+ 33. Rd2
Rec8 34. Kf3 Rxd2 35. Rxd2 Rc4 36. Rd4 Rxd4 37. exd4 Ke7 38. Ke4 Kd6 39. g4 h6
40. h4 g6 41. h5 gxh5 42. gxh5 a5 43. d5 a4 44. a3 f5+ 45. Kxf5 Kxd5 46. Kg6
Ke6 47. Kxh6 Kf6 48. Kh7 Kf7 49. h6 Kf8 50. Kg6 Kg8 51. Kf6 Kh7 52. Kg5 1/2-1/2

[Event "DEM U16 Oberhof"]
[Site "?"]
[Date "2013.05.21"]
[Round "5.12"]
[White "Hoffmann, Tim"]
[Black "Keller, Peter"]
[Result "1/2-1/2"]
[WhiteElo "1922"]
[BlackElo "2065"]
[PlyCount "53"]
[EventDate "2013.??.??"]

1. e4 c5 2. Nf3 e6 3. d4 cxd4 4. Nxd4 Nc6 5. Nc3 Qc7 6. Be3 a6 7. Be2 Nf6 8.
O-O Bb4 9. Na4 Be7 10. Nxc6 bxc6 11. Bb6 Qf4 12. Bd3 d5 13. g3 Qb8 14. Qe2 Nd7
15. Be3 O-O 16. c4 Qb4 17. Qc2 Ne5 18. a3 Qd6 19. c5 Qd8 20. Nb6 Ra7 21. b4 f5
22. exf5 exf5 23. f4 Ng4 24. Bd4 Bf6 25. Qc3 Re8 26. Rae1 Rae7 27. Bxf6 1/2-1/2

[Event "DEM U16 Oberhof"]
[Site "?"]
[Date "2013.05.21"]
[Round "5.13"]
[White "Mueller, Max"]
[Black "Sabirov, Ramil"]
[Result "1/2-1/2"]
[WhiteElo "1733"]
[BlackElo "1900"]
[PlyCount "132"]
[EventDate "2013.??.??"]

1. c4 c5 2. g3 g6 3. Bg2 Bg7 4. Nc3 Nc6 5. Nf3 e5 6. d3 Nge7 7. O-O O-O 8. Bg5
h6 9. Bxe7 Nxe7 10. a3 d6 11. Rb1 Be6 12. b4 Qd7 13. bxc5 dxc5 14. Ne1 Rab8 15.
Nc2 f5 16. Ne3 g5 17. Ned5 Nc6 18. Qa4 f4 19. Ne4 Nd4 20. Qxd7 Nxe2+ 21. Kh1
Bxd7 22. Nxc5 Rf7 23. Nxd7 Rxd7 24. Bh3 Rdd8 25. Rb2 Nd4 26. Rfb1 b6 27. Ne7+
Kf7 28. Nf5 Nxf5 29. Bxf5 e4 30. Rb3 exd3 31. Rxd3 Rxd3 32. Bxd3 Rd8 33. Be4
Rd2 34. f3 Bd4 35. g4 Ke7 36. Bc6 Kd6 37. Bb5 Bc5 38. a4 Ke5 39. Re1+ Be3 40.
Ra1 a5 41. Rf1 Kd4 42. Ba6 Kc3 43. Bb5 Kb3 44. Rb1+ Ka3 45. Ra1+ Kb4 46. Rb1+
Kc5 47. Rf1 Kd6 48. Ba6 Ke7 49. Bb5 Kf6 50. Bc6 Ke5 51. Bb5 Kd4 52. Ba6 Kc3 53.
Bb5 Bd4 54. Rc1+ Kb3 55. Rb1+ Kc2 56. Rf1 Bc5 57. Ra1 Kd3 58. Rf1 Ra2 59. Bd7
Ra3 60. Bb5 Ke3 61. Bc6 Ra2 62. Bb5 Rc2 63. Ba6 Rd2 64. Bb5 Re2 65. Bc6 Kd4 66.
Bb5 Ke3 1/2-1/2

[Event "DEM U16 Oberhof"]
[Site "?"]
[Date "2013.05.21"]
[Round "5.15"]
[White "Brinkmann, Fabian"]
[Black "Meyers, Mark"]
[Result "1-0"]
[WhiteElo "1827"]
[BlackElo "1940"]
[PlyCount "89"]
[EventDate "2013.??.??"]

1. e4 c5 2. Nf3 e6 3. d4 cxd4 4. Nxd4 a6 5. Bd3 Nf6 6. c4 Qc7 7. Qe2 d6 8. Nc3
Nbd7 9. O-O b6 10. Bd2 Bb7 11. Rae1 Ne5 12. f4 Nxd3 13. Qxd3 Rd8 14. f5 e5 15.
Nc2 Be7 16. Kh1 Rc8 17. b3 O-O 18. Ne3 Rfe8 19. g4 b5 20. Ncd5 Nxd5 21. cxd5
Bg5 22. Rc1 Qb6 23. Nc2 Bxd2 24. Qxd2 a5 25. f6 Kh8 26. fxg7+ Kg8 27. Qh6 Re6
28. Qe3 Qxe3 29. Nxe3 Ree8 30. Nf5 Rcd8 31. Rc7 Bc8 32. Ne7+ Kxg7 33. Nxc8 Rxc8
34. Rfxf7+ Kg6 35. Rg7+ Kh6 36. Rxc8 Rxc8 37. Rd7 Kg5 38. Rxd6 Rc2 39. Rd8 Kxg4
40. d6 Kf3 41. Rf8+ Kg4 42. d7 Kh3 43. Rf3+ Kg4 44. d8=Q Kxf3 45. Qd3+ 1-0

[Event "DEM U16 Oberhof"]
[Site "?"]
[Date "2013.05.22"]
[Round "6.1"]
[White "Lampert, Jonas"]
[Black "Kvetny, Mark"]
[Result "1/2-1/2"]
[WhiteElo "2333"]
[BlackElo "2269"]
[PlyCount "43"]
[EventDate "2013.??.??"]

1. d4 Nf6 2. c4 e6 3. Nc3 Bb4 4. Nf3 c5 5. g3 O-O 6. Bg2 cxd4 7. Nxd4 d5 8. Qb3
Qb6 9. Nc2 Nc6 10. Be3 Qa5 11. Nxb4 Nxb4 12. a3 Nc6 13. Rd1 Ng4 14. cxd5 Nxe3
15. fxe3 exd5 16. Qxd5 Qb6 17. Qd2 Be6 18. Nd5 Bxd5 19. Bxd5 Rae8 20. Bxc6 bxc6
21. Qd4 Rxe3 22. Qxb6 1/2-1/2

[Event "DEM U16 Oberhof"]
[Site "?"]
[Date "2013.05.22"]
[Round "6.2"]
[White "Ruff, Maximilian"]
[Black "Richter, Leonard"]
[Result "1-0"]
[WhiteElo "2073"]
[BlackElo "1986"]
[PlyCount "117"]
[EventDate "2013.??.??"]

1. e4 c5 2. Nf3 d6 3. d4 cxd4 4. Nxd4 Nf6 5. f3 a6 6. c4 e6 7. Nc3 Be7 8. Be3
O-O 9. Qd2 Nbd7 10. O-O-O Qc7 11. Kb1 Ne5 12. Rc1 Bd7 13. g4 Rfc8 14. Be2 Qb8
15. g5 Ne8 16. b3 Nc6 17. h4 Nxd4 18. Bxd4 b5 19. cxb5 axb5 20. Rcg1 d5 21. e5
b4 22. Nd1 Bc5 23. h5 Qa7 24. Bxc5 Rxc5 25. Bd3 Bb5 26. Bxb5 Rxb5 27. g6 fxg6
28. hxg6 h6 29. Rg2 Qc7 30. f4 Rc8 31. Ne3 Qc3 32. Nc2 Nc7 33. Rc1 Qxd2 34.
Rxd2 Na6 35. Nd4 Rxc1+ 36. Kxc1 Rc5+ 37. Rc2 Rxc2+ 38. Kxc2 Nc5 39. Nc6 Na6 40.
Nd4 Nc5 41. Nc6 h5 42. Kd2 h4 43. Ke3 Nd3 44. f5 h3 45. fxe6 Kf8 46. Kf3 Nf4
47. e7+ Ke8 48. Kg3 Nxg6 49. Kxh3 Nxe7 50. Nxb4 Kd7 51. a4 Ke6 52. Nd3 Nc6 53.
Kg3 Nxe5 54. Nxe5 Kxe5 55. a5 Kd6 56. Kf4 Kc6 57. b4 Kb5 58. Ke5 Kc6 59. a6 1-0

[Event "DEM U16 Oberhof"]
[Site "?"]
[Date "2013.05.22"]
[Round "6.3"]
[White "Tennert, Simon"]
[Black "Schroeder, Jan-Christian"]
[Result "1-0"]
[WhiteElo "2148"]
[BlackElo "2322"]
[PlyCount "83"]
[EventDate "2013.??.??"]

1. e4 d6 2. d4 Nf6 3. Nc3 e5 4. Nf3 Nbd7 5. Bc4 Be7 6. O-O O-O 7. h3 c6 8. dxe5
dxe5 9. a4 a5 10. Qe2 Qc7 11. Nh4 Nc5 12. Qf3 Ne6 13. Nf5 Nd4 14. Nxd4 exd4 15.
Ne2 Qe5 16. Ng3 Qc5 17. Qd3 Nd7 18. f4 b5 19. axb5 cxb5 20. Bd5 Ra7 21. c3 Bf6
22. Nh5 b4 23. cxb4 Qxb4 24. Bd2 Qd6 25. Rfc1 g6 26. Rc6 Qe7 27. Nxf6+ Nxf6 28.
Qxd4 Nxd5 29. exd5 Rd7 30. Rxa5 Bb7 31. Bb4 Qd8 32. Bxf8 Qxf8 33. Rb6 Qc8 34.
Rc5 Qa8 35. Rcb5 Qc8 36. Kh2 h5 37. Qe5 Kh7 38. f5 Bxd5 39. fxg6+ fxg6 40. Rxd5
Rxd5 41. Qxd5 Qc7+ 42. Qd6 1-0

[Event "DEM U16 Oberhof"]
[Site "?"]
[Date "2013.05.22"]
[Round "6.4"]
[White "Mueller, Constantin"]
[Black "Oehne, Timo"]
[Result "1-0"]
[WhiteElo "1956"]
[BlackElo "2027"]
[PlyCount "93"]
[EventDate "2013.??.??"]

1. c4 c6 2. g3 Nf6 3. Bg2 d5 4. b3 Bf5 5. Bb2 e6 6. Nf3 Nbd7 7. O-O Bd6 8. d3
Qe7 9. a3 O-O 10. Nbd2 e5 11. Nh4 Be6 12. e4 dxe4 13. dxe4 Rfd8 14. Qc2 Bc5 15.
Ndf3 Bg4 16. b4 Bb6 17. c5 Bc7 18. h3 Bxf3 19. Bxf3 Qe6 20. Kg2 b6 21. cxb6
Bxb6 22. Rfd1 c5 23. Nf5 cxb4 24. axb4 Rac8 25. Qa4 Nb8 26. g4 h6 27. h4 Nc6
28. Rxd8+ Bxd8 29. Rc1 Nd7 30. b5 Nb6 31. Qa1 Nd4 32. Rxc8 Nxc8 33. Nxd4 exd4
34. Bxd4 Bxh4 35. Bxa7 Nxa7 36. Qxa7 Qc4 37. Qb8+ Kh7 38. Qe5 Qb4 39. Qd5 Qb2
40. Qc5 Bf6 41. Qc4 Bd4 42. Be2 Kg8 43. Qc8+ Kh7 44. Qf5+ Kg8 45. Bc4 Bf6 46.
Qd7 Qe5 47. Qxf7+ 1-0

[Event "DEM U16 Oberhof"]
[Site "?"]
[Date "2013.05.22"]
[Round "6.5"]
[White "Bonk, Andras"]
[Black "Krause, Benedict"]
[Result "1/2-1/2"]
[WhiteElo "2078"]
[BlackElo "2112"]
[PlyCount "75"]
[EventDate "2013.??.??"]

1. e4 c5 2. Nf3 e6 3. d4 cxd4 4. Nxd4 Nc6 5. Nc3 Qc7 6. Be3 a6 7. Be2 Nf6 8. a3
b5 9. Nxc6 dxc6 10. f4 Bb7 11. O-O Be7 12. e5 Rd8 13. Qe1 Nd5 14. Nxd5 cxd5 15.
c3 O-O 16. Bd4 Bc5 17. Rc1 Qb6 18. Qd2 Rc8 19. b4 Bxd4+ 20. cxd4 Rxc1 21. Rxc1
Rc8 22. Rxc8+ Bxc8 23. Qc3 Bd7 24. Kf2 Qc6 25. Qc5 Qxc5 26. dxc5 Bc6 27. g3 g6
28. Kf3 Kg7 29. g4 h6 30. Bd3 Kf8 31. Ke3 Kg7 32. Kd4 Kf8 33. f5 g5 34. a4 Kg7
35. axb5 axb5 36. h4 Kf8 37. h5 Kg7 38. f6+ 1/2-1/2

[Event "DEM U16 Oberhof"]
[Site "?"]
[Date "2013.05.22"]
[Round "6.6"]
[White "Grunau, Christoph"]
[Black "Kramer, Julian"]
[Result "1-0"]
[WhiteElo "2036"]
[BlackElo "2133"]
[PlyCount "41"]
[EventDate "2013.??.??"]

1. e4 c5 2. Nf3 d6 3. Bb5+ Nd7 4. d4 cxd4 5. Qxd4 a6 6. Bxd7+ Bxd7 7. Nc3 Bc6
8. O-O e6 9. Bg5 Nf6 10. Rad1 Be7 11. Rfe1 O-O 12. Bxf6 gxf6 13. Qe3 Re8 14.
Nd4 Qa5 15. f4 Kh8 16. Kh1 Rg8 17. Qh3 Rad8 18. f5 Bd7 19. fxe6 fxe6 20. Nxe6
Qe5 21. Nxd8 1-0

[Event "DEM U16 Oberhof"]
[Site "?"]
[Date "2013.05.22"]
[Round "6.7"]
[White "Yankelevich, Lev"]
[Black "Koop, Thorben"]
[Result "1/2-1/2"]
[WhiteElo "2221"]
[BlackElo "2145"]
[PlyCount "69"]
[EventDate "2013.??.??"]

1. d4 Nf6 2. Nc3 d5 3. Bf4 Bf5 4. Nf3 e6 5. e3 Be7 6. Bd3 Bxd3 7. Qxd3 O-O 8.
O-O-O Na6 9. Ne5 c5 10. g4 c4 11. Qe2 Bb4 12. Nb1 c3 13. bxc3 Be7 14. Qb5 Nc7
15. Qxb7 Rb8 16. Qxa7 Nb5 17. Qa4 Qb6 18. f3 Rfc8 19. Kd2 Nd6 20. g5 Ra8 21.
Qb3 Nfe4+ 22. fxe4 Nxe4+ 23. Kc1 Qa5 24. c4 dxc4 25. Nxc4 Rxc4 26. Qxc4 Ba3+
27. Nxa3 Qxa3+ 28. Kb1 Nc3+ 29. Qxc3 Qxc3 30. Rd3 Qc4 31. Rb3 Qa4 32. a3 Qc6
33. Rc1 Qc4 34. Kb2 Rc8 35. c3 1/2-1/2

[Event "DEM U16 Oberhof"]
[Site "?"]
[Date "2013.05.22"]
[Round "6.8"]
[White "Kieslich, Aaron"]
[Black "Eichstaedt, Mirko"]
[Result "1/2-1/2"]
[WhiteElo "2028"]
[BlackElo "1927"]
[PlyCount "86"]
[EventDate "2013.??.??"]

1. d4 d5 2. c4 c6 3. Nf3 Nf6 4. Nc3 dxc4 5. e3 b5 6. a4 b4 7. Nb1 Ba6 8. Ne5 e6
9. Nxc4 c5 10. Qf3 Qd5 11. Nbd2 Qxf3 12. Nxf3 Be7 13. b3 O-O 14. Bb2 Nbd7 15.
Nfe5 Nxe5 16. dxe5 Nd7 17. O-O-O Bxc4 18. Rxd7 Bxf1 19. Rxf1 Bd8 20. Rfd1 Bb6
21. Kc2 Rfc8 22. Kd3 Kf8 23. Kc4 Ke8 24. Bc1 a6 25. e4 Rd8 26. Rxd8+ Bxd8 27.
Kxc5 Rb8 28. Kc4 Be7 29. Bb2 Rc8+ 30. Kd3 Rd8+ 31. Ke2 Rxd1 32. Kxd1 Bc5 33.
Ke2 Kd7 34. f4 a5 35. Bc1 Kc6 36. g4 Bd4 37. Be3 Bxe3 38. Kxe3 Kc5 39. Kd3 Kb6
40. Kd4 Kc6 41. f5 g6 42. h4 h6 43. g5 h5 1/2-1/2

[Event "DEM U16 Oberhof"]
[Site "?"]
[Date "2013.05.22"]
[Round "6.10"]
[White "Ott, Florian"]
[Black "Walter, Kevin"]
[Result "1/2-1/2"]
[WhiteElo "2072"]
[BlackElo "1931"]
[PlyCount "67"]
[EventDate "2013.??.??"]

1. d4 d5 2. c4 c6 3. Nf3 dxc4 4. e3 Be6 5. Qc2 Nf6 6. Nbd2 b5 7. a4 Qa5 8. Be2
g6 9. O-O Na6 10. Qb1 Qb6 11. Ne5 Nb4 12. Bf3 Rd8 13. Ne4 Nxe4 14. Bxe4 Bg7 15.
Bd2 Bxe5 16. Bxb4 Bd6 17. Qe1 Bxb4 18. Qxb4 a5 19. Qc5 Qxc5 20. dxc5 b4 21.
Bxc6+ Kf8 22. Bb5 Rc8 23. c6 Bd5 24. Rac1 Kg7 25. Bxc4 Bxc6 26. Ba6 Rc7 27. Rc5
Ra8 28. Bb5 Bxb5 29. Rxc7 Bxf1 30. Kxf1 Kf6 31. Ke2 Ke6 32. Rc5 Kd6 33. Rb5 Rc8
34. Kd3 1/2-1/2

[Event "DEM U16 Oberhof"]
[Site "?"]
[Date "2013.05.22"]
[Round "6.11"]
[White "Keller, Peter"]
[Black "Brodmann, Jasper Leo"]
[Result "1/2-1/2"]
[WhiteElo "2065"]
[BlackElo "1966"]
[PlyCount "69"]
[EventDate "2013.??.??"]

1. e4 c5 2. Nf3 Nc6 3. d4 cxd4 4. Nxd4 g6 5. Nc3 Bg7 6. Nb3 Nf6 7. Be2 d6 8.
O-O O-O 9. Bg5 Bd7 10. Kh1 Rc8 11. f4 a6 12. Bf3 b5 13. Nd5 Be6 14. c3 Bxd5 15.
exd5 Na5 16. Re1 Re8 17. Re2 Qc7 18. Qd3 Qc4 19. Qxc4 Nxc4 20. Nd4 Nb6 21. Bxf6
Bxf6 22. Nc6 Kf8 23. g4 Rc7 24. Rae1 Nc4 25. Rd1 g5 26. b3 Nb6 27. fxg5 Bxg5
28. Kg2 Bf6 29. Rd3 Nd7 30. c4 Ne5 31. Nxe5 Bxe5 32. cxb5 axb5 33. Be4 Kg7 34.
Rdd2 b4 35. Rc2 1/2-1/2